| 000 | 01172nam a22003015i 4500 | ||
|---|---|---|---|
| 999 |
_c29013 _d28984 |
||
| 003 | EG-ScBUE | ||
| 005 | 20201104105234.0 | ||
| 008 | 200219s2020 ua f 000 0 ara d | ||
| 017 | _a2020 / 4800 | ||
| 020 | _a9789770818435 | ||
| 040 |
_aEG-ScBUE _bara _erda _cEG-ScBUE _dEG-ScBUE |
||
| 082 | 0 | 4 |
_a516.2 _bش ك ش _222 |
| 100 | 1 |
_aشكشك، عاطف، _eمؤلف. |
|
| 245 | 1 | 0 |
_aنظريات شكشك : _bنظريات في الهندسة الفراغية والمستوية / _cابتكار عاطف شكشك، هدى شكشك، أحمد شكشك. |
| 264 | 1 |
_a[مكان النشر غير معرف] : _b[الناشر غير معرف]، _c2020. |
|
| 264 | 3 |
_aالقاهرة : _bمطابع دار أخبار اليوم |
|
| 300 |
_a272 صفحة ؛ _c24 سم |
||
| 336 |
_aنص _btxt _2rdacontent |
||
| 337 |
_aبدون وسيط _bn _2rdamedia |
||
| 338 |
_aمجلد _bnc _2rdacarrier |
||
| 541 |
_aأ. عاطف شكشك ؛ _cإهداء ؛ |
||
| 650 | 7 |
_aالهندسة الفراغية. _2BUEsh |
|
| 651 | _2BUEsh | ||
| 653 |
_bENGGEN _cNovember2020 |
||
| 700 | 1 |
_aشكشك، هدى، _eمؤلف. |
|
| 700 | 1 |
_aشكشك، أحمد، _eمؤلف. |
|
| 942 | _2ddc | ||